000 00366nam a2200133 i 4500
001 bg
100 1 _aJÓZEFIK, W.
245 0 _aWłaściwości informacyjne systemów diagnostycznych i metoda określania ich wielkości /
_cW.Józefik.
260 _aBydgoszcz,
_c1987.
040 _cBPK
041 _apol
942 _cKS
008 s pl f |000 0 pol
999 _c28583
_d28583
856 _uhttp://koha.tu.koszalin.pl/cgi-bin/koha/opac-detail.pl?biblionumber=28583
_yKatalog online BPK